Name That Song #2 - Statistics

General Stats
  • This quiz has been taken 21 times
  • The average score is 4 of 10
Answer Stats
Hint Answer % Correct
But if you try sometimes, you might find, you get what you need! You Can't Always Get What You Want
65%
Take my hand, take my whole life too. Can't Help Falling in Love With You
50%
Say your prayers little one, don't forget my son, to include everyone. Enter Sandman
50%
You'll say, "That we've got nothing in common. No common ground to start from." And we're falling apart. Breakfast at Tiffany's
45%
Time makes you bolder, children get older, I'm getting older too. Landslide
45%
Bodies in the sand, tropical drink melting in your hand, We'll be falling in love to the rhythm of the steel drum band. Kokomo
40%
There's no need to complicate, our time is short. This is fate.... I'm Yours
30%
So where was the passion when you need it the most? Oh, you and I. You kick up the leaves and the magic is lost. Bad Day
25%
When I can't fall asleep and I'm losin' my mind. Cause it's half past three and my brain's on fire. Way Less Sad
25%
A seven foot frame, rats along his back. When he calls your name, it all fades to black. We Don't Talk About Bruno
20%
No matching quizzes found
Score Distribution
Percent of People with Each Score
Percentile by Number Answered
Your Score History
You have not taken this quiz